| 000 | 00915cam a2200241 a 4500 | ||
|---|---|---|---|
| 999 |
_c57386 _d57386 |
||
| 001 | 16884006 | ||
| 005 | 20221107124236.0 | ||
| 008 | 110719s2012 paua b 001 0 eng | ||
| 020 | _a9781437704341 X | ||
| 020 | _a9780323287838 X | ||
| 041 | _aeng | ||
| 080 | _a616.8 B-86 | ||
| 245 | 0 | 0 |
_aBradley's neurology in clinical practice : _bVolume 2 / _c[edited by] Robert B. Daroff ... [et al.]. |
| 246 | 1 | _aNeurology in clinical practice | |
| 250 | _a6th ed. | ||
| 264 |
_aPhiladelphia, PA : _bElsevier/Saunders, _c2012. |
||
| 300 |
_a552 p. : _bill. (some col.) ; _c29 cm. |
||
| 653 | _a ბრედლის ნევროლოგია კლინიკურ პრაქტიკაში | ||
| 653 | _aმედიცინა | ||
| 700 | 1 |
_aDaroff, Robert B. _98392 _eრედაქტორი |
|
| 700 | 1 |
_aBradley, W. G. _q(Walter George) _98393 _eრედაქტორი |
|
| 942 |
_2udc _cBK |
||